Russia/USSR National Team All-Time XI - Statistics

General Stats
  • This quiz has been taken 53 times
  • The average score is 3 of 13
Answer Stats
Position Period Player % Correct
GK 1954-67 Lev Yashin
96%
FW 2002-12 Andrey Arshavin
67%
FW 1955-65 Valentin Ivanov
20%
MF 1952-65 Igor Netto
13%
FW 1955-68 Eduard Streltsov
11%
DF 1961-71 Albert Shesternyov
9%
MF 1979-90 Fyodor Cherenkov
9%
Coach 1955-62/68-70 Gavriil Kachalin
9%
MF 1960-68 Valery Voronin
9%
12th player 1979-90 Rinat Dasayev
4%
DF 1931-35 Aleksandr Starostin
2%
DF 1969-77 Evgheny Lovchev
2%
DF 1965-73 Murtaz Khurtsilava
2%
No matching quizzes found
Score Distribution
Percent of People with Each Score
Percentile by Number Answered
Your Score History
You have not taken this quiz